<La> Fundación Rockefeller y la investigación agrícola en América Latina.

Význam medzinárodných organizácií a súkromných nadácií pre rozvoj a mierové spolunažívanie. Význam založenia Rockefellerovej nadácie a jej účasť na finančných projektoch na podporu rozvoja vidieka a poľnohospodárskeho výskumu. História založenia a činnosť nadácie. Program nadácie na podporu rozvoja...

Descripción completa

Guardado en:
Detalles Bibliográficos
Autor principal: Jimenez Velazquez, M.A
Formato: Capítulo de libro
Lenguaje:español
Materias:
Etiquetas: Agregar Etiqueta
Sin Etiquetas, Sea el primero en etiquetar este registro!

MARC

LEADER 00000naa a2200000 4500
001 r003154
005 20220818104517.9
041 0 |a spa 
044 |a MX 
245 1 0 |a <La> Fundación Rockefeller y la investigación agrícola en América Latina.  |c M.A. Jimenez Velazquez 
520 |a Význam medzinárodných organizácií a súkromných nadácií pre rozvoj a mierové spolunažívanie. Význam založenia Rockefellerovej nadácie a jej účasť na finančných projektoch na podporu rozvoja vidieka a poľnohospodárskeho výskumu. História založenia a činnosť nadácie. Program nadácie na podporu rozvoja LA a v Mexiku. Medzinárodné strediská poľnohospodárskeho výskumu a ich činnosť. 
610 2 0 |a dotácie 
610 2 0 |a Rockefeller, J.D. 
610 2 0 |a vidiek 
610 2 0 |a Mexiko 
610 2 0 |a poľnohospodárstvo 
610 2 0 |a výskum 
610 2 0 |a Latinská Amerika 
610 2 0 |a pomoc medzinárodná 
610 2 0 |a nadácie 
100 1 |a Jimenez Velazquez, M.A.